|
|
|
|
| LEADER |
00000nam a22000007a 4500 |
| 008 |
190220b2005 mx a|||| |||| 00| 0 spa d |
| 999 |
|
|
|c 3660
|d 3660
|
| 020 |
|
|
|a 970637101X (t.1)
|
| 090 |
|
|
|a 06.01.01
|b 2518
|
| 100 |
|
|
|9 4481
|a Hirsch Adler, Ana
|e Compilador/a
|
| 245 |
1 |
0 |
|a Educación y valores /
|c Ana Hirsch Adler (Compiladora)
|
| 250 |
|
|
|a 2 edición
|
| 260 |
|
|
|a México :
|b Gernika,
|c 2005
|
| 300 |
|
|
|a 526 páginas;
|b ilustraciones
|
| 500 |
|
|
|a Tomo 1: Educación básica y media superior - Valores y profesión docente - educación, familia , escuela
|
| 650 |
1 |
4 |
|9 1528
|a EDUCACIÓN MORAL
|
| 650 |
1 |
4 |
|9 336
|a FILOSOFÍA
|y SIGLO XX
|
| 651 |
|
4 |
|9 19
|a MÉXICO
|
| 942 |
|
|
|i 004554
|h 06.01.01 2518
|2 z
|c 01
|